The effect of different color netting on cauliflower production in kien svay district kandal province ប្រសិទ្ធភាពនៃការប្រើប្រាស់ព៌ណសំណាញ់ខុសៗគ្នាសំរាប់គ្រប់ដំណាំខាត់ណាផ្កា នៅស្រុកគៀនស្វាយ ខេត្តកណ្ដាល (Record no. 948)

000 -LEADER
fixed length control field 00741nam a22001337a 4500
040 ## - CATALOGING SOURCE
Transcribing agency RUA
082 ## - DEWEY DECIMAL CLASSIFICATION NUMBER
Classification number AGR NAK 2009 B040 Or.1
100 ## - MAIN ENTRY--AUTHOR NAME
Personal name NAK, PUTHEA.
245 ## - TITLE STATEMENT
Title The effect of different color netting on cauliflower production in kien svay district kandal province ប្រសិទ្ធភាពនៃការប្រើប្រាស់ព៌ណសំណាញ់ខុសៗគ្នាសំរាប់គ្រប់ដំណាំខាត់ណាផ្កា នៅស្រុកគៀនស្វាយ ខេត្តកណ្ដាល
260 ## - PUBLICATION, DISTRIBUTION, ETC. (IMPRINT)
Place of publication Phnom Penh
Name of publisher RUA
Year of publication 2009
300 ## - PHYSICAL DESCRIPTION
Number of Pages xii; 41p.
Other physical details ill.
Dimensions 29cm.
856 ## - ELECTRONIC LOCATION AND ACCESS
Uniform Resource Identifier https://drive.google.com/file/d/1PB9H7gO7y5KZBaK-9xZqTLoAG_-3wZn7/view?usp=sharing
942 ## - ADDED ENTRY ELEMENTS (KOHA)
Koha item type AGR
952 ## - LOCATION AND ITEM INFORMATION (KOHA)
Withdrawn status [LOCAL, KOHA] 0
952 ## - LOCATION AND ITEM INFORMATION (KOHA)
Withdrawn status [LOCAL, KOHA] 0
952 ## - LOCATION AND ITEM INFORMATION (KOHA)
Withdrawn status [LOCAL, KOHA] 0
952 ## - LOCATION AND ITEM INFORMATION (KOHA)
Withdrawn status [LOCAL, KOHA] 0
952 ## - LOCATION AND ITEM INFORMATION (KOHA)
Withdrawn status [LOCAL, KOHA] 0
952 ## - LOCATION AND ITEM INFORMATION (KOHA)
Withdrawn status [LOCAL, KOHA] 0
952 ## - LOCATION AND ITEM INFORMATION (KOHA)
Withdrawn status [LOCAL, KOHA] 0
952 ## - LOCATION AND ITEM INFORMATION (KOHA)
Withdrawn status [LOCAL, KOHA] 0
952 ## - LOCATION AND ITEM INFORMATION (KOHA)
Withdrawn status [LOCAL, KOHA] 0
952 ## - LOCATION AND ITEM INFORMATION (KOHA)
Withdrawn status [LOCAL, KOHA] 0
Holdings
Permanent Location Date acquired Koha item type Lost status Shelving location Barcode Current Location Full call number
Library Block B2015-09-21AGR B040RUA000981Library Block BAGR NAK 2009 B040 Or.1
Library Block B2015-09-21AGR B040RUA000307Library Block BAGR NAK 2009 B040 Or.2
Library Block B2015-09-21AGR  RUA000048Library Block BAGR NAK 2009 B040 Or.3
Library Block B2015-09-21AGR  RUA000086Library Block BAGR NAK 2009 B040 Or.4
Library Block B2015-09-21AGR  RUA000164Library Block BAGR NAK 2009 B040 Or.5
Library Block B2015-09-21AGR  RUA000046Library Block BAGR NAK 2009 B040 Or.6
Library Block B2015-09-21AGR  RUA000120Library Block BAGR NAK 2009 B040 Or.7
Library Block B2015-09-21AGR   Library Block BAGR NAK 2009 B040 Or.8
Library Block B2015-09-24AGR B040RUA008051Library Block BAGR NAK 2009 B040 Or.9
Library Block B2019-01-22AGR B1.214A35500Library Block BAGR NAK 2009 B1.214 Or.1
មជ្ឈមណ្ឌលឯការនៃសាកលវិទ្យាល័យភូមិន្ទកសិកម្មចំការដូង

Powered by Koha